00557nam a2200193Ia 4500008004100000020002200041082001400063100002600077245002200103250000600125260003900131300001300170500002400183650001200207700002600219942000700245952009400252999001700346230525s9999 xx 000 0 und d a978-93-82332-08-4 a530 bKAR aManasi Karkare942952 0aApplied Physics-I a3 aNew DelhibI.K.Internationalc2012 aXI,242p; aQuantity Number: 1 aPhysics aRajni Bahuguna942953 cBK 00104070aTATCLbTATCLcGENd2023-05-25l0o530 KARp54204r2023-05-25w2023-05-25yBK c61047d61047